| 000 | 00807nam a22001937a 4500 | ||
|---|---|---|---|
| 003 | BUBTL | ||
| 008 | 210215b xxu||||| |||| 00| 0 eng d | ||
| 020 | _a9789843492654 | ||
| 082 | _a954.92 / H26b | ||
| 100 |
_93874 _aহারুন-অর-রাশিদ |
||
| 245 |
_aবাংলাদেশ মুক্তিযুদ্ধ জ্ঞানকোষ ৬ষ্ঠ খণ্ড / _cহারুন-অর-রাশিদ |
||
| 260 |
_aঢাকা : _bবাংলাদেশ এশিয়াটিক সোসাইটি, _cc2020. |
||
| 300 |
_a461 p. : _c25 cm. _bill. ; |
||
| 650 | 0 |
_91755 _aমুক্তিযুদ্ধ |
|
| 700 |
_93875 _aমিয়া, সাজাহান |
||
| 856 |
_k0 _l0 _yDownload |
||
| 942 |
_2ddc _cBK |
||
| 999 |
_c6445 _d6445 |
||